00233nam a2200097Ia 4500008004100000041001200041100001300053245005600066260000600122650000700128221030s9999 xx 000 0 und d aEnglish aR. Singh 0aNational Ecotourism & Wildlife Tourismcby R. Singh c0 aMb